| 000 | 00775nam a22001817a 4500 | ||
|---|---|---|---|
| 003 | AM-YeHGA | ||
| 040 | _aAM-YeHGA | ||
| 090 | _c434093 | ||
| 005 | 20250617155358.0 | ||
| 008 | 190516s ||||| |||| 00| 0 rus d | ||
| 041 | 0 | _arus | |
| 100 | 1 | _aПоленов, Дмитрий Васильевич. | |
| 245 | 1 | 0 |
_aБиблиографическое обозрение трудов Русского археологического общества : _bК празднованию 25-тилетн. существования О-ва / _cСост. Д. Поленов. |
| 260 |
_aСанкт-Петербург : _bТип. Имп. Акад. наук, _c1871. |
||
| 300 | _a78 с. | ||
| 653 | 0 | _aАрхеология - Россия - Труды | |
| 942 |
_2udc _cBK |
||
| 999 |
_c431516 _d431516 |
||